000 00406nam a2200133Ia 4500
008 231129s2003||||xx |||||||||||||| ||spa||
040 _bspa
082 _a344.0413 T822
100 _aTribunal Nacional de Ética Odontológica
245 0 _aManual de ética odontológica (Legislación Jurisprudencia y Doctrina)
260 _c2003
264 _aEdiciones Jurí­dicas Gustavo Ibañez
942 _2ddc
_cBKS
999 _c20361
_d20361